<?xml version="1.0" encoding="UTF-8"?>
<collection xmlns="http://www.loc.gov/MARC21/slim">
    <record>
        <controlfield tag="001">87639</controlfield>
        <controlfield tag="005">20200204153809.0</controlfield>
        <datafield tag="024" ind1="8" ind2=" ">
            <subfield code="2">sideral</subfield>
            <subfield code="a">72609</subfield>
        </datafield>
        <datafield tag="037" ind1=" " ind2=" ">
            <subfield code="a">ART-2011-72609</subfield>
        </datafield>
        <datafield tag="041" ind1=" " ind2=" ">
            <subfield code="a">spa</subfield>
        </datafield>
        <datafield tag="100" ind1=" " ind2=" ">
            <subfield code="0">(orcid)0000-0001-6754-2777</subfield>
            <subfield code="a">Bernal, Estrella</subfield>
            <subfield code="u">Universidad de Zaragoza</subfield>
        </datafield>
        <datafield tag="245" ind1=" " ind2=" ">
            <subfield code="a">Innovación empresarial y agricultura ecológica en Los Monegros durante el siglo XX</subfield>
        </datafield>
        <datafield tag="260" ind1=" " ind2=" ">
            <subfield code="c">2011</subfield>
        </datafield>
        <datafield tag="506" ind1="0" ind2=" ">
            <subfield code="a">Access copy available to the general public</subfield>
            <subfield code="f">Unrestricted</subfield>
        </datafield>
        <datafield tag="520" ind1="3" ind2=" ">
            <subfield code="a">Este trabajo muestra la evolución desde el regadío tradicional hacia el regadío de los grandes proyectos, en la comarca aragonesa de los Monegros, en la segunda mitad del siglo XX, en relación con los cambios en el paisaje, en la sociedad y en la producción derivados de la actuación pública. La constatación de las limitaciones del nuevo regadío se prolonga en el estudio de la posible recuperación del regadío tradicional y de su contribución potencial a la sostenibilidad de la agricultura comarcal. Esta recuperación se propone a través de las prácticas de agricultura ecológica como innovación empresarial. Se realiza una comparación de ambos regadíos usando datos oficiales y de trabajo de campo, con los siguientes resultados: (1) datos acerca de la evolución histórica del uso del agua y del territorio, incluyendo un análisis de la intervención de las instituciones en la zona y consecuente cambio de las relaciones sociales; (2) márgenes económicos por hectárea de la empresa agraria en cada tipo de regadío; (3) descripción de posibles beneficios o costes medioambientales de adoptar un tipo u otro de regadío; (4) propuesta de un modelo de empresa agraria innovadora con base en las posibilidades sociales de la zona.</subfield>
        </datafield>
        <datafield tag="540" ind1=" " ind2=" ">
            <subfield code="9">info:eu-repo/semantics/openAccess</subfield>
            <subfield code="a">by-nc-nd</subfield>
            <subfield code="u">http://creativecommons.org/licenses/by-nc-nd/3.0/es/</subfield>
        </datafield>
        <datafield tag="655" ind1=" " ind2="4">
            <subfield code="a">info:eu-repo/semantics/article</subfield>
            <subfield code="v">info:eu-repo/semantics/publishedVersion</subfield>
        </datafield>
        <datafield tag="710" ind1="2" ind2=" ">
            <subfield code="1">4012</subfield>
            <subfield code="2">650</subfield>
            <subfield code="a">Universidad de Zaragoza</subfield>
            <subfield code="b">Dpto. Direcc.Organiza.Empresas</subfield>
            <subfield code="c">Área Organización de Empresas</subfield>
        </datafield>
        <datafield tag="773" ind1=" " ind2=" ">
            <subfield code="g">53 (2011), 129-170</subfield>
            <subfield code="p">Hist. agrar.</subfield>
            <subfield code="t">HISTORIA AGRARIA</subfield>
            <subfield code="x">1139-1472</subfield>
        </datafield>
        <datafield tag="856" ind1="4" ind2="1">
            <subfield code="u">http://www.historiaagraria.com/es/numeros/estrella-bernal-innovacion-empresarial-y-agricultura-ecologica-en-los-monegros-durante-el-siglo-xx</subfield>
            <subfield code="z">Texto completo de la revista</subfield>
        </datafield>
        <datafield tag="856" ind1="4" ind2=" ">
            <subfield code="s">3679022</subfield>
            <subfield code="u">http://zaguan.unizar.es/record/87639/files/texto_completo.pdf</subfield>
            <subfield code="y">Versión publicada</subfield>
        </datafield>
        <datafield tag="856" ind1="4" ind2=" ">
            <subfield code="s">56633</subfield>
            <subfield code="u">http://zaguan.unizar.es/record/87639/files/texto_completo.jpg?subformat=icon</subfield>
            <subfield code="x">icon</subfield>
            <subfield code="y">Versión publicada</subfield>
        </datafield>
        <datafield tag="909" ind1="C" ind2="O">
            <subfield code="o">oai:zaguan.unizar.es:87639</subfield>
            <subfield code="p">articulos</subfield>
            <subfield code="p">driver</subfield>
        </datafield>
        <datafield tag="951" ind1=" " ind2=" ">
            <subfield code="a">2020-02-04-10:23:02</subfield>
        </datafield>
        <datafield tag="980" ind1=" " ind2=" ">
            <subfield code="a">ARTICLE</subfield>
        </datafield>
    </record>

    
</collection>